00285nam a2200109Ia 4500008004100000082000900041100003600050245002700086260000800113630002700121730002700148100328s9999 xx 000 0 und d b5280 aकाणेकर अनंत aनवे किरण b--- aनवे किरण aनवे किरण